000 00627nam a2200241Ia 4500
003 OSt
005 20221007071310.0
006 a|||||r|||| 00| 0
007 ta
008 221006b |||||||| |||| 00| 0 eng d
024 _a24,385
037 _cReference Collections
040 _aFLL
_cFLL
_beng
041 _2eng
_aeng
082 _aZ3:27, K5
100 _aMartin J.N.
_9688465
245 0 _aLicensing acts
250 _a78th
260 _aLondon
_bButterworth & Co. UK
_c1965
300 _alxxii,246p
_ccm.
942 _hZ3:27, K5
_cREF
_2CC
999 _c1142978
_d1142978